Historia transversal de floreal menéndez /

Guardado en:
Autor Principal: Masliah, Leo
Formato: Libro
Publicado: Buenos Aires : De la Flor, 1985
Materias:
Etiquetas: Agregar Etiqueta
Sin Etiquetas, Sea el primero en etiquetar este registro!
LEADER 00484nam a22001695a 4500
001 CEM.cems004214
005 20060216000000.0
008 130507s1985##################000#0#####d
003 CEMS
082 0 4 |a U863.4 
100 1 |a Masliah, Leo 
245 1 0 |a Historia transversal de floreal menéndez / 
260 |a Buenos Aires :  |b De la Flor,  |c 1985 
300 |a 120 p. 
653 |a Literatura 
653 |a Literatura hispanoamericana 
859 |a CEMS  |b BIB. CEMS - 11 de abril  |h U863.4  |i M377  |p 14117.86  |t Ej.1